Istorija stalinskogo GULAGa : konec 1920-h - pervaja polovina 1950-h godov. Sbornik dokumentov v semi tomah. The History of Stalin’s GULAG : Late 1920s - Early 1950s. Collected Documents in 7 Volumes Redakcionnyj sovet izdanija : JU.N. Afanas´ev... et al. predsedatel´ : V.P. Kozlov Moscou : ROSSPEN, 2004-2005 (notice n° 1604344)

détails MARC
000 -LEADER
fixed length control field 00796cam a2200157 4500500
005 - DATE AND TIME OF LATEST TRANSACTION
control field 20251228093425.0
041 ## - LANGUAGE CODE
Language code of text/sound track or separate title fre
042 ## - AUTHENTICATION CODE
Authentication code dc
100 10 - MAIN ENTRY--PERSONAL NAME
Personal name Craveri, Marta
Relator term author
245 00 - TITLE STATEMENT
Title Istorija stalinskogo GULAGa : konec 1920-h - pervaja polovina 1950-h godov. Sbornik dokumentov v semi tomah. The History of Stalin’s GULAG : Late 1920s - Early 1950s. Collected Documents in 7 Volumes Redakcionnyj sovet izdanija : JU.N. Afanas´ev... et al. predsedatel´ : V.P. Kozlov Moscou : ROSSPEN, 2004-2005
260 ## - PUBLICATION, DISTRIBUTION, ETC.
Date of publication, distribution, etc. 2005.<br/>
500 ## - GENERAL NOTE
General note 29
700 10 - ADDED ENTRY--PERSONAL NAME
Personal name Elie, Marc
Relator term author
786 0# - DATA SOURCE ENTRY
Note Cahiers du monde russe | Vol 46 | 4 | 2005-11-01 | p. 859r-990r | 1252-6576
856 41 - ELECTRONIC LOCATION AND ACCESS
Uniform Resource Identifier <a href="https://shs.cairn.info/revue-cahiers-du-monde-russe-2005-4-page-859r?lang=fr&redirect-ssocas=7080">https://shs.cairn.info/revue-cahiers-du-monde-russe-2005-4-page-859r?lang=fr&redirect-ssocas=7080</a>

Pas d'exemplaire disponible.

PLUDOC

PLUDOC est la plateforme unique et centralisée de gestion des bibliothèques physiques et numériques de Guinée administré par le CEDUST. Elle est la plus grande base de données de ressources documentaires pour les Étudiants, Enseignants chercheurs et Chercheurs de Guinée.

Adresse

627 919 101/664 919 101

25 boulevard du commerce
Kaloum, Conakry, Guinée

Réseaux sociaux

Powered by Netsen Group @ 2025